000 00492nam a2200157 i 4500
001 23136
003 ES-MaACL
007 t|
008 021209s1966 sp ||||1| spa d
100 1 _aAlvarez, Horacio Antón.
_920639
245 1 0 _aPoemas del hombre /
_cHoracio Antón Alvarez.
260 _aCuenca :
_bEscuela de Magisterio Fray Luis de León,
_c[1966]
300 _a56 p. ;
_c17 cm.
710 2 _aEscuela de Magisterio "Fray Luis de León"
_93551
852 _aES-MaACL
_jG-15926
_bR.60098
999 _c23136
_d23136